Statistiques concernant Les clichés sur les pays avec 3 mots.

Cliquez ici pour prendre le quiz!

Statistiques générales

  • Ce quiz a été pris 440 fois
  • Le résultat moyen est 14 sur 15

Statistiques - réponses

HintRéponse% Correct
Berret, baguettes, vinFrance
100%
carnaval, statue, footBrésil
98%
riz, mathématiques, théChine
98%
basket, malbouffes, starEtats-Unis
98%
Spaghettis , pizzas, mainsItalie
98%
sumo, baguettes, petitsJapon
98%
araignées, surf, chaleurAustralie
97%
frites, moustache, gentilsBelgique
97%
tacos, tequila, sombreroMexique
97%
Bières, saucisses, naturistesAllemagne
95%
chocolat, vaches, richesSuisse
95%
pluie, thé, tristeAngleterre
89%
foot, tango, CheArgentine
88%
truelle, moustache, beaufPortugal
85%
drogue, café, salsaColombie
83%

Distribution des résultats

Percentile par nombre de réponses

% des personnes avec chaque résultat

Votre développement - résultats

Vous n’avez pas pris ce quiz